000 01079nam a22002417a 4500
003 SEM
005 20230803160601.0
008 230803b1985 ru ||||gr||||||01|0 rus|d
040 _aSEM
_cSEM
041 _arus
080 _a930.27(47.925)/М-91
100 _aМурадян, Паруйр Мамбреевич
245 _aАрмянская эпиграфика Грузии :
_bКартли и Кахети /
_cП. Мурадян; Ред.: К. Юзбашян; АН АССР, Институт востоковедения
246 _aՎրաստանի հայերեն արձանագրությունները ։
_bՔարթլի և Կախեթ /
260 _aЕреван :
_bизд. АН ССР,
_c1985.
300 _a228 с. ;
_bXIV табл.;
_c25 см
504 _aБибл.: с. 199-214 Указ.: с. 215-227
650 _aАрмянская эпиграфика
653 _aՍԷՄ
700 _aЮзбашян К. Н.
_4ред.
710 _aАкадемия наук Армянской ССР,
_bИнститут востоковедения
942 _2udc
_cBK
999 _c74003
_d74003